Taylor Swift - Paroles We Were Happy - Statistiques

Statistiques générales
  • Ce quiz a été pris 15 fois
  • Le résultat moyen est 204 sur 248
Statistiques - réponses
Hint Réponse % Correct
happy
100%
Couplet 1 | Couplet 2 | Outro | Post-refrain We
100%
we
100%
were
100%
a
88%
And
88%
anymore
88%
baby,
88%
baby
88%
'bout
88%
could
88%
daddy's
88%
dark
88%
do
88%
don't
88%
farm
88%
go
88%
gonna
88%
good
88%
good,
88%
how
88%
I
88%
I'm
88%
in
88%
it
88%
laughed
88%
love
88%
marry
88%
me
88%
No
88%
not
88%
Bridge Oh,
88%
On
88%
one
88%
so
88%
someday
88%
Talkin'
88%
tears
88%
Tellin'
88%
That's
88%
that's
88%
the
88%
to
88%
voices
88%
was
88%
what
88%
When
88%
when
88%
You
88%
you
88%
your
88%
all
75%
are
75%
Back
75%
back
75%
be
75%
But
75%
buy
75%
choices
75%
for
75%
give
75%
had
75%
hate
75%
night
75%
recall
75%
these
75%
they
75%
those
75%
up
75%
used
75%
way
75%
'Cause
63%
down
63%
goodbye's
63%
harder
63%
lights
63%
much
63%
my
63%
showed
63%
touch
63%
along
50%
bright
50%
deserved
50%
'em
50%
feel
50%
now
50%
right
50%
shinin'
50%
sorta
50%
streets
50%
sun
50%
walk
50%
watch
50%
water
50%
arms
38%
around
38%
Before
38%
boats
38%
circus
38%
into
38%
neck
38%
porch
38%
snuck
38%
somewhere
38%
while
38%
threw
25%
Aucun quiz correspondant
Distribution des résultats
% des personnes avec chaque résultat
Percentile par nombre de réponses
Votre historique - résultats
Vous n’avez pas pris ce quiz